000 00596nam a2200193Ia 4500
003 GCL
008 140319s9999 xx 000 0 eng d
020 _a977 424 693 4
040 _aGCL /
_cGCL
082 0 4 _aCC
_b371.91
_bL S
100 1 _aLESLEY LABABIDI
245 1 0 _aSILENT NO MORE :
_bSPECIAL NEEDS PEOPLE IN EGYPT /
_cLESLEY LABABIDI
260 _aالقاهرة :
_bTHE AMERICAN UNIVERSITY IN CAIRO PRESS ،
_c2002
300 _a194 P ؛
_c23 cm.
650 0 4 _aBLIND - DEAF CHILDREN
650 0 4 _aDEAF - INSTITUTIONAL CARE
650 0 4 _aBLIND - INSTITUTIONAL CARE
942 _2ddc
_cBK
999 _c23945
_d23945